Lea en colores: método psicofonético
Salvato in:
| Autori principali: | , , |
|---|---|
| Natura: | Libro |
| Lingua: | spagnolo |
| Pubblicazione: |
Santiago
Zig-Zag
2006
|
| Edizione: | 21a. ed |
| Soggetti: | |
| Tags: |
Aggiungi Tag
Nessun Tag, puoi essere il primo ad aggiungerne!!
|
MARC
| LEADER | 00000nam a2200000 a 4500 | ||
|---|---|---|---|
| 001 | UCZ6834 | ||
| 003 | CL-VaPUC | ||
| 008 | 951215e20060000CL |||||||||||||||||spa|d | ||
| 020 | |a 9561204312 | ||
| 082 | 0 | 4 | |a 372.6 |b RIQ |2 21 |
| 100 | 0 | |a Riquelme Salinas, Berta |e author |9 351375 | |
| 700 | |a Gómez Catalán, Luis |e author |9 567708 | ||
| 700 | 0 | |a Valenzuela Moya, Domingo |e author |9 351377 | |
| 245 | 1 | 0 | |a Lea en colores: método psicofonético |
| 250 | |a 21a. ed | ||
| 300 | |a 111 p | ||
| 942 | |c BK | ||
| 945 | |d 19951215 00:00:00 |a cmena | ||
| 260 | |a Santiago |b Zig-Zag |c 2006 | ||
| 650 | 0 | |a Enseñanza de la escritura |9 307377 | |
| 650 | 0 | |a Enseñanza de la lectura |9 308364 | |
| 650 | 0 | |a Educación básica |9 224933 | |
| 650 | 0 | |a Niños |9 255605 | |
| 583 | |a last modification |c 19951215 00:00:00 |k Rodrigo Vera | ||
| 999 | |c 242991 |d 242989 | ||
| 952 | |0 0 |1 0 |4 0 |6 372_600000000000000_RIQ_2006 |7 0 |8 A |9 256340 |a BIBEDU |b BIBEDU |d 2019-11-19 |i 160743K |o 372.6 RIQ 2006 |p 160743K |r 2019-11-19 |w 2019-11-19 |y BK |k EDU | ||